Augenfarben #2 - Statistiken

Allgemein
  • Dieses Quiz wurde 120 mal gespielt
  • Das Durchschnittsergebnis liegt bei 4 aus 6
Antwortstatistiken
Anteil Augenfarbe % Korrekt
70-85% Braun
100%
5-10% Blau
99%
2% Grün
72%
<2% Grau
57%
<1% Sonstige
37%
<5% Bernstein
4%
Keine übereinstimmenden Quizze gefunden
Verteilung der Resultate
Anzahl Personen mit jedem Resultat
Perzentil nach korrekt beantworteten Fragen
Ihre Resultats-Entwicklung
Sie haben dieses Quiz noch nicht gespielt